Países por superficie - De cuatro en cuatro - Estadísticas

Estadísticas generales
  • Esta prueba ha sido intentada 106 veces
  • La puntuación promedio es 30 de 49
Respuestas en el mapa
Las respuestas están codificadas por una escala verde-roja en el mapa de la prueba según el % correcto abajo.
 
Estadísticas de respuestas
# Country % Correcto
5-8 Brasil | Australia | India | Argentina
100%
1-4 Rusia | Canadá | China | Estados Unidos
100%
9-12 Kazajistán | Argelia | R. D. Congo | Arabia Saudita
99%
17-20 Irán | Mongolia | Perú | Chad
96%
13-16 México | Indonesia | Sudán | Libia
96%
21-24 Níger | Angola | Mali | Sudáfrica
96%
25-28 Colombia | Etiopía | Bolivia | Mauritania
94%
29-32 Egipto | Tanzania | Nigeria | Venezuela
94%
33-36 Pakistán | Namibia | Mozambique | Turquía
93%
41-44 Francia | Somalia | República Centroafricana | Sudán del Sur
90%
45-48 Ucrania | Madagascar | Botsuana | Kenia
90%
37-40 Chile | Zambia | Myanmar | Afganistán
89%
53-56 Camerún | Papúa Nueva Guinea | Suecia | Uzbekistán
89%
65-68 Finlandia | Vietnam | Malasia | Noruega
89%
57-60 Marruecos | Irak | Paraguay | Zimbabue
89%
49-52 Yemen | Tailandia | España | Turkmenistán
89%
69-72 Costa de Marfil | Polonia | Omán | Italia
87%
61-64 Japón | Alemania | Filipinas | República del Congo
87%
73-76 Ecuador | Burkina Faso | Nueva Zelanda | Gabón
74%
77-80 Guinea | Reino Unido | Uganda | Ghana
74%
81-84 Rumanía | Laos | Guyana | Bielorrusia
73%
85-88 Kirguistán | Senegal | Siria | Camboya
67%
89-92 Uruguay | Surinam | Túnez | Bangladés
66%
93-96 Nepal | Tayikistán | Grecia | Nicaragua
63%
97-100 Corea del Norte | Malaui | Eritrea | Benín
54%
101-104 Honduras | Liberia | Bulgaria | Cuba
51%
105-108 Guatemala | Islandia | Corea del Sur | Hungría
50%
109-112 Portugal | Jordania | Serbia | Azerbaiyán
50%
113-116 Austria | Emiratos Árabes Unidos | República Checa | Panamá
47%
117-120 Sierra Leona | Irlanda | Georgia | Sri Lanka
44%
121-124 Lituania | Letonia | Togo | Croacia
41%
129-132 Estonia | Dinamarca | Países Bajos | Suiza
39%
125-128 Bosnia y Herzegovina | Costa Rica | Eslovaquia | República Dominicana
37%
137-140 Bélgica | Lesoto | Armenia | Islas Salomón
36%
133-136 Bután | Taiwán | Guinea-Bisáu | Moldavia
36%
157-160 Montenegro | Vanuatu | Catar | Gambia
36%
177-180 Singapur | Micronesia | Santa Lucía | Andorra
36%
141-144 Albania | Guinea Ecuatorial | Burundi | Haití
34%
165-168 Brunéi | Trinidad y Tobago | Cabo Verde | Samoa
34%
149-152 El Salvador | Israel | Eslovenia | Fiyi
34%
153-156 Kuwait | Esuatini | Timor Oriental | Bahamas
34%
145-148 Ruanda | Macedonia del Norte | Yibuti | Belice
34%
169-172 Luxemburgo | Mauricio | Comoras | Santo Tomé y Príncipe
33%
161-164 Jamaica | Kosovo | Líbano | Chipre
33%
173-176 Kiribati | Baréin | Dominica | Tonga
33%
193-196 Tuvalu | Nauru | Monaco | Ciudad del Vaticano
33%
189-192 San Cristóbal y Nieves | Islas Marshall | Liechtenstein | San Marino
31%
185-188 San Vicente y las Granadinas | Granada | Malta | Maldivas
31%
181-184 Palaos | Seychelles | Antigua y Barbuda | Barbados
31%
No se encontraron pruebas coincidentes
Distribución de puntuación
Porcentaje de gente con cada puntuación
Porcentaje por número respondido
Historial de tus puntuaciones
No has intentado esta prueba.